Cezhraničné fúzie a akvizície v kontexte vnímania faktorov ich realizácie v pred- a postfúzijnom a akvizičnom procese
Faktory vnímania v pred- a postfúzijnom a akvizičnom procese extrahované na základe analýzy názorov manažérov 120 podnikov, ktoré boli predmetom cezhraničnej fúzie alebo akvizície, a verifikácia vytvorenej originálnej metodiky aDM&A – ante-Determinants of Mergers and Acquisitions a metodiky pDM&A –...
Enregistré dans:
| Auteur principal: | |
|---|---|
| Autres auteurs: | , , |
| Format: | Chapitre de livre |
| Langue: | slovaque |
| Sujets: | |
| Tags: |
Pas de tags, Soyez le premier à ajouter un tag!
|
MARC
| LEADER | 00000naa a2200000 4500 | ||
|---|---|---|---|
| 001 | 0248712 | ||
| 005 | 20221104112113.6 | ||
| 041 | 0 | |a slo | |
| 044 | |a CZ | ||
| 245 | 1 | 0 | |a Cezhraničné fúzie a akvizície v kontexte vnímania faktorov ich realizácie v pred- a postfúzijnom a akvizičnom procese |c Jaroslava Hečková, Miroslav Frankovský, Zuzana Birknerová, Alexandra Chapčáková |
| 520 | |a Faktory vnímania v pred- a postfúzijnom a akvizičnom procese extrahované na základe analýzy názorov manažérov 120 podnikov, ktoré boli predmetom cezhraničnej fúzie alebo akvizície, a verifikácia vytvorenej originálnej metodiky aDM&A – ante-Determinants of Mergers and Acquisitions a metodiky pDM&A – post- Determinants of Mergers and Acquisitions. | ||
| 610 | 2 | 0 | |a fúzie |
| 610 | 2 | 0 | |a manažment |
| 610 | 2 | 0 | |a spolupráca cezhraničná |
| 610 | 2 | 0 | |a akvizícia |
| 610 | 2 | 0 | |a koncentrácia kapitálu |
| 610 | 2 | 0 | |a konkurencia |
| 100 | 1 | |a Hečková, Jaroslava | |
| 700 | 1 | |a Frankovský, Miroslav | |
| 700 | 1 | |a Birknerová, Zuzana | |
| 700 | 1 | |a Chapčáková, Alexandra | |